Memoràndum de indicaciones para la utilización del servicio de empresa / Instituto de Psicología Aplicada y Psicotecnia de la Excma. Diputación Provincial de Barcelona
Descripción Física:
[4] p. ; 21 cm
MARC
| LEADER | 00000nam a2200000Ia 4500 | ||
|---|---|---|---|
| 001 | 18710 | ||
| 003 | BGR | ||
| 005 | 20260324180019.0 | ||
| 008 | 160829s9999 xx 000 0 cat d | ||
| 080 | |a FU-51-25 | ||
| 110 | 2 | |a Instituto de Psicología Aplicada y Psicotecnia (Barcelona) |9 71186 | |
| 245 | |a Memoràndum de indicaciones para la utilización del servicio de empresa / Instituto de Psicología Aplicada y Psicotecnia de la Excma. Diputación Provincial de Barcelona | ||
| 260 | |a Barcelona : |b Laboratorio de Psicotecnia Industrial, [19-- ?] | ||
| 300 | |a [4] p. ; |c 21 cm | ||
| 610 | 1 | 0 | |a Barcelona (Catalunya : Província). |b Diputació |9 52408 |
| 650 | |a Sector terciari |9 43867 | ||
| 650 | |a Laboratori de Psicotècnia Industrial |9 43868 | ||
| 901 | |a Arxiu | ||
| 942 | |n 1 |2 udc |c MON | ||
| 952 | |0 0 |1 0 |4 0 |6 FU5125 |7 1 |9 51655 |a Arxiu |b Arxiu |d 2016-12-01 |l 0 |o FU-51-25 |p 18710 |r 2016-12-01 00:00:00 |w 2016-12-01 |y ARXIU | ||
| 999 | |c 55500 |d 55500 | ||